Limited voter registration : EC revises target (Record no. 46679)
[ view plain ]
| 000 -LEADER | |
|---|---|
| fixed length control field | 00330 a2200109 4500 |
| 100 ## - MAIN ENTRY--AUTHOR NAME | |
| Personal name | NGNENBE, Timothy |
| 245 ## - TITLE STATEMENT | |
| Title | Limited voter registration : EC revises target |
| 300 ## - PHYSICAL DESCRIPTION | |
| Number of Pages | Tuesday, September 19, 2023 Pages 16 |
| 650 ## - SUBJECT ADDED ENTRY--TOPICAL TERM | |
| Topical Term | Politics |
| 773 0# - HOST ITEM ENTRY | |
| International Standard Serial Number | 0855-1529 |
| Place, publisher, and date of publication | Accra Daily Graphic 2023 |
| Title | Daily Graphic |
| 942 ## - ADDED ENTRY ELEMENTS (KOHA) | |
| Koha item type | Periodicals |
| Not for loan | Collection code | Home library | Current library | Shelving location | Date acquired | Copy number | Koha item type |
|---|---|---|---|---|---|---|---|
| Not For Loan | Periodical Library | Periodicals Library | Periodicals Library | Third Floor East Wing Sam Jonah Library | 10/25/2023 | 1 | Periodicals |